000
00275nam a2200109Ia 4500
008
200302s9999 xx 000 0 und d
100
_a
Teri
245
_a
Sustainable Buildings Design Manual Vol 2
260
_b
Institut Catala 'D' Energia
260
_c
2004
300
_a
301 P.,
999
_c
5760
_d
5760